Firmy majú vo výskume zlatú baňu. Štát mešká

Eurofondy na výskum a inovácie. Operačný program Výskum a inovácie - príležitosť aj pre súkromné firmy. 100-percentný príspevok EÚ pri základnom výskume. 65-percentný príspevok z eurofondov pri priemyselnom výskume. Štátna podpora výskumných aktivít podnikov. Prepojenie výskumnej organizácie s firmo...

Description complète

Enregistré dans:
Détails bibliographiques
Auteur principal: Kováč, Ján
Format: Chapitre de livre
Langue:slovaque
Sujets:
Tags: Ajouter un tag
Pas de tags, Soyez le premier à ajouter un tag!

MARC

LEADER 00000naa a2200000 4500
001 0230019
005 20170511125536.3
041 0 |a slo 
044 |a SK 
245 1 0 |a Firmy majú vo výskume zlatú baňu. Štát mešká  |c Ján Kováč 
520 |a Eurofondy na výskum a inovácie. Operačný program Výskum a inovácie - príležitosť aj pre súkromné firmy. 100-percentný príspevok EÚ pri základnom výskume. 65-percentný príspevok z eurofondov pri priemyselnom výskume. Štátna podpora výskumných aktivít podnikov. Prepojenie výskumnej organizácie s firmou. Kontrola grantov. 
610 2 0 |a fondy Európskej únie 
610 2 0 |a financie 
610 2 0 |a financovanie 
610 2 0 |a financie štátne 
610 2 0 |a granty 
610 2 0 |a výskum 
610 2 0 |a inovácia 
610 2 0 |a Slovensko 
100 1 |a Kováč, Ján